Normal view
MARC view
- Conferencia Regional de Comisiones Nacionales del Hemisferio Occidental
Entry Nombre de Reunión
001 - NÚMERO DE CONTROL
- campo de control: 27945
003 - IDENTIFICADOR DE NÚMERO DE CONTROL
- campo de control: UPN
005 - FECHA Y HORA DE LA ÚLTIMA TRANSACCIÓN
- campo de control: 20210219194348.0
008 - DATOS DE LONGITUD FIJA
- campo de control de longitud fija: nabaccnnaabn|||||||||| b |nc|||||d
035 ## - NÚMERO DE CONTROL
- Número de control: UPN11000000051
040 ## - FUENTE DE CATALOGACIÓN
- Lenguaje de catalogación: SPA
- Agencia transcribió: UPN
111 2# - ENCABEZAMIENTO - NOMBRE DE REUNIÓN
- Nombre de reunión o de jurisdicción: Conferencia Regional de Comisiones Nacionales del Hemisferio Occidental
- Número de la parte, sección o reunión: (1a :
- Fecha de la reunión : 1950 :
- Lugar de la reunión: La Habana)
670 ## - FUENTE EN LA QUE SE LOCALIZARON DATOS
- Cita de la fuente: T
- Información localizada: Actas, informes y recomendaciones : La Habana, 8-20 diciembre 1950
902 ## - CATALOGADOR
- Catalogador: DAA/220307
